The Williams report (Record no. 107082)

MARC details
000 -LEADER
fixed length control field 01512cad a22002535a 4500
001 - CONTROL NUMBER
control field L138251
008 - FIXED-LENGTH DATA ELEMENTS--GENERAL INFORMATION
fixed length control field 070524e20070516xxko f f000 0 eng d
035 ## - SYSTEM CONTROL NUMBER
System control number (Sirsi) u138251
041 0# - LANGUAGE CODE
Language code of text/sound track or separate title eng
050 04 - LIBRARY OF CONGRESS CALL NUMBER
Classification number 306.1 $2 18
100 1# - MAIN ENTRY--PERSONAL NAME
Personal name Williams, Tim
245 04 - TITLE STATEMENT
Title The Williams report
Remainder of title quality first
-- the commission on the design of affordable housing in the Thames gateway
Medium [electronic resource]
260 ## - PUBLICATION, DISTRIBUTION, ETC.
Place of publication, distribution, etc. London
Name of publisher, distributor, etc. The Housing Corporation
Date of publication, distribution, etc. 2007
520 ## - SUMMARY, ETC.
Summary, etc. Describes the need for affordable housing in the Thames Gateway area. Aims to provide approaches and mechanisms for use within the National Affordable Housing Programme. Attempts to develop a better understanding of the current mechanisms and delivery chain. Promotes a long term programme of investment in the region. Examine the national policy framework, and its responses to infrastructure requirements and the environment. Makes recommendations aimed at social landlords, government departments and bodies, the planning inspectorate and the private sector.
590 ## - LOCAL NOTE (RLIN)
Local note KA
650 24 - SUBJECT ADDED ENTRY--TOPICAL TERM
Topical term or geographic name entry element PLANNING POLICY STATEMENT ONE
650 24 - SUBJECT ADDED ENTRY--TOPICAL TERM
Topical term or geographic name entry element PLANNING POLICY STATEMENT 3
650 24 - SUBJECT ADDED ENTRY--TOPICAL TERM
Topical term or geographic name entry element TOWN AND COUNTRY PLANNING ACT 1990 S106
650 24 - SUBJECT ADDED ENTRY--TOPICAL TERM
Topical term or geographic name entry element NATIONAL AFFORDABLE HOUSING PROGRAMME
651 #4 - SUBJECT ADDED ENTRY--GEOGRAPHIC NAME
Geographic name LONDON
690 ## - LOCAL SUBJECT ADDED ENTRY--TOPICAL TERM (OCLC, RLIN)
Topical term or geographic name as entry element PROPERTY-RESIDENTIAL PROPERTY-DOMESTIC RESIDENTIAL PROPERTY-HOUSING
856 40 - ELECTRONIC LOCATION AND ACCESS
Uniform Resource Identifier <a href="https://www.housingcorp.gov.uk/server/show/ConWebDoc.11045/changeNav/440">https://www.housingcorp.gov.uk/server/show/ConWebDoc.11045/changeNav/440</a>
Public note View the item free of charge at www.housingcorp.gov.uk...
942 ## - ADDED ENTRY ELEMENTS (KOHA)
Suppress in OPAC 0
Holdings
Withdrawn status Lost status Source of classification or shelving scheme Damaged status Not for loan Home library Current library Shelving location Date acquired Total Checkouts Full call number Barcode Date last seen Copy number Price effective from Koha item type
    Dewey Decimal Classification     Virtual Virtual Online 24/05/2007   ONLINE PUBLICATION 138251-1001 06/08/2019 1 06/08/2019 Book